Biblioteca de los conocimientos / (Record no. 186968)
[ view plain ]
| 000 -LEADER | |
|---|---|
| campo de control de longitud fija | 01220nam a2200217 i 4500 |
| 001 - NÚMERO DE CONTROL | |
| campo de control | 186968 |
| 003 - IDENTIFICADOR DE NÚMERO DE CONTROL | |
| campo de control | SpMaBN |
| 005 - FECHA Y HORA DE LA ÚLTIMA TRANSACCIÓN | |
| campo de control | 20230906222802.0 |
| 008 - DATOS DE LONGITUD FIJA--INFORMACIÓN GENERAL | |
| campo de control de longitud fija | 170310s1972 sp a e |||| |dspa d |
| 020 ## - NÚMERO INTERNACIONAL ESTÁNDAR DEL LIBRO | |
| Número Internacional Estándar del Libro | 84-01-60518-0 |
| 080 ## - NÚMERO DE LA CLASIFICACIÓN DECIMAL UNIVERSAL | |
| Número de la Clasificación Decimal Universal | (031) |
| 245 00 - MENCIÓN DEL TÍTULO | |
| Título | Biblioteca de los conocimientos / |
| Mención de responsabilidad, etc. | director editorial, Sir Julian Huxley ; edición española, director, Guillermo B. Floria ; traductor, Ferrer Aleu. |
| 260 ## - PUBLICACIÓN, DISTRIBUCIÓN, ETC. | |
| Lugar de publicación, distribución, etc. | Esplugas de Llobregat (Barcelona) : |
| Nombre del editor, distribuidor, etc. | Plaza & Janés, |
| Fecha de publicación, distribución, etc. | [1972] |
| 300 ## - DESCRIPCIÓN FÍSICA | |
| Extensión | 8 v. : |
| Otras características físicas | il col. y n., fot., retr. ; |
| Dimensiones | 27 cm. |
| 505 8# - NOTA DE CONTENIDO CON FORMATO | |
| Nota de contenido con formato | Contiene: 1 ; |
| Título | En busca de la verdad. Lenguaje y comunicación - 2 ; |
| -- | El espíritu creador. Las artes vivas - 3 ; |
| -- | El hombre y la sociedad. El progreso humano - 4 ; |
| -- | La vida y sus orígenes. El reino de la naturaleza 5 ; |
| -- | Los mundos del universo. El planeta en que vivimos - 6 ; |
| -- | El mundo de la química. El mundo de la física - 7 ; |
| -- | Las riquezas de la tierra. Países y pueblos - 8 ; |
| -- | Antiguas civilizaciones. La era de los descubrimientos |
| 650 ## - PUNTO DE ACCESO ADICIONAL DE MATERIA--TÉRMINO DE MATERIA | |
| Término de materia o nombre geográfico como elemento de entrada | Enciclopedias. |
| 9 (RLIN) | 12235 |
| 700 1# - ENTRADA AGREGADA--NOMBRE PERSONAL | |
| Nombre de persona | Huxley, Julian. |
| 9 (RLIN) | 64859 |
| 700 1# - ENTRADA AGREGADA--NOMBRE PERSONAL | |
| Nombre de persona | Floría, Guillermo B. |
| 9 (RLIN) | 162050 |
| 700 1# - ENTRADA AGREGADA--NOMBRE PERSONAL | |
| Nombre de persona | Ferrer Aleu, J. |
| 9 (RLIN) | 50442 |
| 852 ## - LOCALIZACIÓN | |
| Ubicación | ES-MaACL |
| Número de control de estantería | L-31224-31 |
| Nota libre | - enc. guaflex |
| Estatus retirado | Estado de pérdida | Estado de daño | No para préstamo | Colección | Biblioteca de origen | Biblioteca actual | Ubicación en estantería | Fecha de adquisición | Fuente de adquisición | Total de préstamos | Signatura topográfica completa | Código de barras | Visto por última vez | Precio de reemplazo | Tipo de ítem Koha |
|---|---|---|---|---|---|---|---|---|---|---|---|---|---|---|---|
| Colección de referencia | Biblioteca del Ateneo de Madrid | Biblioteca del Ateneo de Madrid | Depósito 2 | 10/03/2017 | L-31224-31 | 1197227 | 23/02/2023 | 23/02/2023 | Libro impreso |
